DARAĞACINDA BİR BOZKURT (Record no. 766401)

MARC details
000 -LEADER
sabit uzunluktaki kontrol alanı 00259nam a2200097Ia 4500
001 - KONTROL NUMARASI
kontrol alanı 766401
005 - EN SON İŞLEMİN TARİH VE ZAMANI
kontrol alanı 20250826165340.0
008 - SABİT-UZUNLUKTA VERİ ÖĞELERİ--GENEL BİLGİ
sabit uzunluktaki kontrol alanı 250824s9999 xx 000 0 und d
245 #0 - ESER / YAZAR
ESER ADI DARAĞACINDA BİR BOZKURT
Yazar Adı AHMET HALDUN TERZİOĞLU
260 ## - YAYIN, DAĞITIM, VB.
YAYIN EVİ PANAMA YAYINLARI
Holdings
Düşüm durumu Kayıp durumu Hasar Durumu Ödünç verilmez Ana kütüphane Geçerli Kütüphane Edinilen tarih Toplam ödünç verme sayısı Toplam süre uzatma sayısı Barkod İade tarihi Son görüntüleme tarihi Son ödünç verme tarihi Fiyatın geçerli olmaya başladığı tarih Koha materyal türü
        TALHA BAYRAKÇI İMAM HATİP ORTAOKULU TALHA BAYRAKÇI İMAM HATİP ORTAOKULU 24.08.2025 2 1 10293430 09.05.2026 24.04.2026 24.04.2026 26.08.2025 Books